000
00236nam a2200109Ia 4500
008
190216s9999||||xx |||||||||||||| ||und||
100
_a
Moon A R
245
0
_a
Every Ones English
260
_b
Longmans
650
_a
English
942
_c
BK
999
_c
12875
_d
12875